000 00540 a2200157 4500
005 20260417113844.0
008 260328b |||||||| |||| 00| 0 eng d
020 _a9788181435675
080 _a301.185=H
_bMEK/M
100 _aMekvan,Martin
245 _aMeri katha: dalit yatana, sangharsh aur bhavishya(मेरी कथा :दलित यातना, संघर्ष और भविष्य)
260 _bVani Prakashan.
_aNew Delhi.
_c2013.
300 _a151p.
653 _aDalit Literature-Hindi Literature
942 _cOO
999 _c114119
_d114118